| Поле | Название | Значение |
| |
Тип записи |
a |
| |
Библиографический уровень |
a |
| 001 |
Контрольный номер |
RU/CBS_UL/BASE/5ecbd3ff01404c5db862bf5f911947f2 |
| 005 |
Дата корректировки |
20240616150322.4 |
| 100 |
Данные общей обработки |
__ |
| a |
Данные общей обработки |
20240616 ||| 0rusy0189 ca |
| 101 |
Язык документа |
0_ |
| a |
Язык текста |
rus |
| 102 |
Страна публикации |
__ |
| a |
Страна публикации |
RU |
| 200 |
Заглавие и сведения об ответственности |
1_ |
| a |
Заглавие |
Волшебная Колхида |
| e |
Сведения, относящиеся к заглавию |
[Древняя Колхида: вымысел и реальность] |
| f |
Первые сведения об ответственности |
Г. Жигарев |
| 300 |
Общие примечания |
__ |
| a |
Общие примечания |
16+ |
| 461 |
Уровень набора |
_0 |
| 1 |
|
2000 |
| a |
|
Все загадки мира |
| 463 |
Уровень физической единицы |
_0 |
| 1 |
|
2000 |
| a |
|
№ 4 |
| v |
|
С. 4-5 : фото |
| 1 |
|
2101 |
| d |
|
2024 |
| 1 |
|
001RU/CBS_UL/BASE/3a1b8f1a479a413292091771cba8402c |
| 606 |
Тематические рубрики |
0_ |
| a |
Основная рубрика |
Древняя Колхида - История |
| y |
Географическая подрубрика |
Колхида Древняя |
| 610 |
Ключевые слова |
0_ |
| a |
Ключевые слова |
древнегреческие мифы |
| 610 |
Ключевые слова |
0_ |
| a |
Ключевые слова |
мифы Древней Греции |
| 610 |
Ключевые слова |
0_ |
| a |
Ключевые слова |
колхи (народы) |
| 610 |
Ключевые слова |
0_ |
| a |
Ключевые слова |
золотое руно |
| 610 |
Ключевые слова |
0_ |
| a |
Ключевые слова |
легенды о золотом руне |
| 610 |
Ключевые слова |
0_ |
| a |
Ключевые слова |
мифы о золотом руне |
| 610 |
Ключевые слова |
0_ |
| a |
Ключевые слова |
археологические раскопки |
| 610 |
Ключевые слова |
0_ |
| a |
Ключевые слова |
раскопки археологические |
| 686 |
Индексы других классификаций |
__ |
| 2 |
Код системы |
rubbk |
| a |
Классификационный индекс |
63.3(0)3 |
| 700 |
Автор |
_1 |
| a |
Фамилия |
Жигарев |
| b |
Имя (инициалы) |
Г. |
| 702 |
Вторичная интеллектуальная ответственность |
_1 |
| a |
Фамилия |
Замостьянов |
| b |
Имя (инициалы) |
А. |
| 801 |
Источник записи |
_0 |
| a |
Страна |
RU |
| b |
Организация |
МБУК ЦБС г. Ульяновска |
| c |
Дата составления |
20240616 |
| g |
Правила каталогизации |
RCR |
| 801 |
Источник записи |
_1 |
| a |
Страна |
RU |
| b |
Организация |
МБУК ЦБС г. Ульяновска |
| c |
Дата составления |
20240616 |
| g |
Правила каталогизации |
RCR |
| 901 |
Тип документа |
__ |
| t |
Тип документа |
b |
| w |
Контрольный № источника |
RU/CBS_UL/BASE/3a1b8f1a479a413292091771cba8402c |
| 909 |
Создатель записи |
__ |
| a |
Создатель записи |
lib2 |